Quiz sulla storia dell'Australia - Statistics

Statistiche generali
  • Questo quiz è stato fatto 17 volte
    15 dall'ultimo reset
  • Il punteggio medio è 11 su 19
Statistiche sulle risposte
DOMANDA RISPOSTA % Corretto
Principale nemico australiano durante la Seconda Guerra Mondiale Giappone
92%
Numero di siti Unesco in Australia 20
83%
Nel 1823 venne conquistata anche quest'isola australiana Tasmania
83%
Nel 1837 venne creata la colonia dell'Australia Meridionale con capitale una città dal nome della moglie dell'allora primo ministro inglese Adelaide
75%
Canberra venne costruita a causa di dispute nella scelta della capitale del neo-stato tra Sydney e quale altra città? Melbourne
75%
Negli anni Settanta l'Australia inviò soltanto 100 uomini a fianco degli Usa in questo stato Vietnam
75%
Oltre agli inglesi, da quale stato proviene la maggioranza degli immigrati in Australia? Cina
67%
Primo papa a visitare l'Australia Giovanni Paolo II
67%
Nel 1770 questo esploratore inglese arrivò per la prima volta in Australia James Cook/Cook
67%
Il nome Australia deriva dal latino Austro/Ostro che sono nomi di venti che provengono da sud. Oggi come è chiamato questo vento? Scirocco/Libeccio
67%
Anno in cui Sydney ospitò le Olimpiadi 2000
58%
Circa 8000 giovani australiana persero la vita nella famosa Battaglia di Gallipoli nella WW1 contro quale impero? Ottomano
58%
Indigeni australiani che abitavano la nazione all'arrivo degli europei Aborigeni
50%
L'Australia, sotto il dominio britannico, divenne una colonia... Penale
50%
Religione maggiormente praticata Cattolicesimo
42%
Attraccò a Botany Bay a pochi km da questa famosa odierna città australiana Sydney
42%
Al termine della guerra all'Australia fu concessa la sovranità su questo odierno stato Papua Nuova Guinea
33%
A tutta la costa vicino Botany Bay gli venne dato il nome di... (odierno stato australiano) Nuovo Galles del Sud
17%
Anno d'indipendenza 1901
8%
Nessun quiz corrispondente trovato
Distribuzione punteggi
Percentuale di utenti per punteggio
Percentile per numero di risposta
I tuoi punteggi nel tempo
Non hai fatto questo quiz dall'ultimo reset